000 00618nam a2200205 i 4500
001 71964
003 ES-MaACL
005 20250809052035.0
007 t|
008 040823s1984 sp ||||1| spa d
020 _a84-7600-011-1
100 1 _aGil-Albert, Juan,
_d1904-1994
_956757
245 1 0 _aValentín
_b: homenaje a William Shakespeare /
_cJuan Gil-Albert.
260 _aTorrejón de Ardoz, Madrid :
_bAkal,
_c1984.
300 _a139 p. :
_bil. ;
_c21 cm.
490 1 _aNovela Akal ;
_v2
830 0 0 _aNovela Akal
_v2
_9184528
852 _aES-MaACL
_jL-9873
_bR.109206
999 _c71964
_d71964